000 01026nam a22003137a 4500
001 840
005 20231212152940.0
020 _a0374339643
020 _a9780545360722
040 _aDLC
_cDLC
_dDLC
_beng
050 0 0 _aPZ7.M47887
_bJu 1995
082 0 0 _a808.899
_220
100 1 _aMead, Alice.
245 1 0 _aJunebug /
_cAlice Mead.
250 _a1st ed.
260 _aNew York :
_bScholastic,
_c1995.
300 _a102 pages :
_c20 cm.
505 _aN
520 _aAn inquisitive young boy who lives with his mother and younger sister in a rough housing project in New Haven, Connecticut, approaches his tenth birthday with a mixture of anticipation and worry.
521 _a570
_bLexile
521 _aN
_bRaz-Plus
650 1 _aSingle-parent families
_vFiction.
650 1 _aSiblings
_vFiction.
650 1 _aInner cities
_vFiction.
650 1 _aCity and town life
_vFiction.
650 1 _aAfrican Americans
_vFiction.
906 _a7
_bcbc
_corignew
_d1
_eocip
_f19
_gy-gencatlg
942 _2ddc
_cBK
_n0
999 _c840
_d840